All Halo Weapons - Statistics

General Stats
  • This quiz has been taken 178 times
  • The average score is 26 of 68
Answer Stats
Hint Answer % Correct
CE Magnum/Pistol
98%
CE Assault Rifle
97%
CE Shotgun
90%
Halo 2 Battle Rifle
89%
CE Rocket Launcher
89%
CE Plasma Pistol
87%
CE Sniper Rifle
87%
CE Needler
84%
CE Plasma Rifle
82%
Halo 2 SMG
80%
Halo 2 Energy Sword
79%
Halo 3 Gravity Hammer
69%
Reach DMR
68%
Halo 2 Beam Rifle
65%
CE Plasma Grenade
62%
Halo 2 Carbine
59%
CE Frag Grenade
58%
CE Fuel Rod Gun
58%
Halo 3 Spartan Laser
57%
Halo 3 Spiker
56%
Halo 2 Brute Shot
55%
Reach Grenade Launcher
46%
Halo 3 Spike Grenade
44%
Halo 2 Brute Plasma Rifle
40%
Reach Needle Rifle
38%
Halo 4 SAW
38%
ODST Silenced SMG
38%
CE Flamethrower
37%
Halo 2 Sentinel Beam
36%
Halo 3 Mauler
35%
Halo 3 Machine Gun
32%
Reach Plasma Repeater
32%
Halo 4 Scattershot
32%
Halo 4 Boltshot
31%
Halo 4 Lightrifle
30%
Halo 4 Suppressor
30%
Reach Focus Rifle
26%
Halo 4 Binary Rifle
24%
Reach Concussion Rifle
24%
Reach Plasma Launcher
24%
Halo 4 Incineration Cannon
23%
Halo 4 Railgun
22%
Halo 4 Storm Rifle
20%
Infinite Sidekick
19%
Infinite Bulldog
18%
Halo 3 Plasma Cannon
17%
Infinite Shock Rifle
17%
Halo 4 Sticky Detonator
16%
Halo 5 Hydra Launcher
15%
Halo 3 Missile Pod
15%
Halo 4 Pulse Grenade
15%
Infinite Commando
14%
Infinite Mangler
13%
Infinite Ravager
13%
Infinite Heatwave
12%
Halo 5 Plasma Caster
12%
Halo 3 Firebomb Grenade
10%
Infinite Skewer
10%
Infinite Stalker Rifle
10%
Infinite Bandit
9%
Reach Target Locator
9%
Infinite Cindershot
8%
Infinite Dynamo Grenade
7%
ODST AutoMag
6%
Halo 5 Splinter Turret
6%
Infinite Disruptor
4%
Infinite Scrap Cannon
4%
Halo 4 Target Designator
3%
No matching quizzes found
Score Distribution
Percent of People with Each Score
Percentile by Number Answered
Your Score History
You have not taken this quiz